ARRUPE JESUIT UNIVERSITY

CORONAVIRUS -STOP THE SPREAD - CLEAN,DISINFECT,COVER

Socialization (Record no. 96164)

MARC details
000 -LEADER
fixed length control field 00532nam a2200217Ia 4500
003 - CONTROL NUMBER IDENTIFIER
control field 0100
005 - DATE AND TIME OF LATEST TRANSACTION
control field 20170927120423.0
008 - FIXED-LENGTH DATA ELEMENTS--GENERAL INFORMATION
fixed length control field 130307s9999 xx 000 0 und d
020 ## - INTERNATIONAL STANDARD BOOK NUMBER
International Standard Book Number 0422754307
040 ## - CATALOGING SOURCE
Transcribing agency ARRUPELIB
050 ## - LIBRARY OF CONGRESS CALL NUMBER
Classification number GN3.S6 1970
300 ## - PHYSICAL DESCRIPTION
Other physical details 22cm.
245 ## - TITLE STATEMENT
Title Socialization
Remainder of title The approach from social anthropology
260 ## - PUBLICATION, DISTRIBUTION, ETC. (IMPRINT)
Name of publisher, distributor, etc Tavistock Publications
Place of publication, distribution, etc London
Date of publication, distribution, etc 1970
300 ## - PHYSICAL DESCRIPTION
Extent 352p.
440 ## - SERIES STATEMENT/ADDED ENTRY--TITLE
Title A. S. A. Monographs no. 8
9 (RLIN) 36395
650 ## - SUBJECT ADDED ENTRY--TOPICAL TERM
Topical term following geographic name as entry element Ethnology
General subdivision Congresses
9 (RLIN) 36396
700 ## - ADDED ENTRY--PERSONAL NAME
Personal name Mayer, Philip (ed.)
9 (RLIN) 36397
942 ## - ADDED ENTRY ELEMENTS (KOHA)
Source of classification or shelving scheme Library of Congress Classification
Koha item type Monograph ( Printed materials)
Holdings
Withdrawn status Lost status Source of classification or shelving scheme Damaged status Not for loan Collection code Home library Current library Shelving location Date acquired Total Checkouts Full call number Barcode Date last seen Date checked out Copy number Price effective from Koha item type
    Library of Congress Classification     Main Collection ARRUPE LIBRARY ARRUPE LIBRARY   07/03/2013 2 GN3.S6 1970 46003075484 09/04/2018 15/03/2017 1 07/03/2013 Monograph ( Printed materials)

 

Arrupe Library. PO Box MP320 Mt Pleasant, Harare, Zimbabwe
263 242 745411|librarian@aju.ac.zw